NHL Calder Trophy Winners - Statistics

General Stats
  • This quiz has been taken 76 times
    46 since last reset
  • The average score is 23 of 91
Answer Stats
Year Player Team % Correct
2024 Connor Bedard Chicago Blackhawks
97%
2020 Cale Makar Colorado Avalanche
91%
2006 Alex Ovechkin Washington Capitals
88%
2017 Auston Matthews Toronto Maple Leafs
85%
2008 Patrick Kane Chicago Blackhawks
85%
2007 Evgeni Malkin Pittsburgh Penguins
82%
2014 Nathan MacKinnon Colorado Avalanche
82%
2021 Kirill Kaprizov Minnesota Wild
74%
2015 Aaron Ekblad Florida Panthers
71%
2016 Artemi Panarin Chicago Blackhawks
65%
1985 Mario Lemieux Pittsburgh Penguins
65%
2022 Moritz Seider Detroit Red Wings
62%
1993 Teemu Selanne Winnipeg Jets
62%
2019 Elias Pettersson Vancouver Canucks
59%
1967 Bobby Orr Boston Bruins
53%
2012 Gabriel Landeskog Colorado Avalanche
53%
2013 Jonathan Huberdeau Florida Panthers
50%
1994 Martin Brodeur New Jersey Devils
50%
2018 Matthew Barzal New York Islanders
50%
1978 Mike Bossy New York Islanders
44%
2002 Dany Heatley Atlanta Thrashers
41%
1995 Peter Forsberg Quebec Nordiques
41%
1981 Peter Stastny Quebec Nordiques
41%
1979 Bobby Smith Minnesota North Stars
38%
1989 Brian Leetch New York Rangers
38%
1992 Pavel Bure Vancouver Canucks
38%
1982 Dale Hawerchuk Winnipeg Jets
35%
1974 Denis Potvin New York Islanders
32%
1987 Luc Robitaille Los Angeles Kings
32%
1970 Tony Esposito Chicago Black Hawks
32%
1996 Daniel Alfredsson Ottawa Senators
29%
1971 Gilbert Perreault Buffalo Sabres
29%
1990 Sergei Makarov Calgary Flames
29%
2004 Andrew Raycroft Boston Bruins
26%
1976 Bryan Trottier New York Islanders
26%
2011 Jeff Skinner Carolina Hurricanes
26%
1980 Ray Bourque Boston Bruins
26%
1988 Joe Nieuwendyk Calgary Flames
24%
1983 Steve Larmer Chicago Black Hawks
24%
1956 Glenn Hall Detroit Red Wings
18%
1972 Ken Dryden Montreal Canadiens
18%
2009 Steve Mason Columbus Blue Jackets
18%
2003 Barret Jackman St. Louis Blues
15%
1952 Bernie Geoffrion Montreal Canadiens
15%
1997 Bryan Berard New York Islanders
15%
1961 Dave Keon Toronto Maple Leafs
15%
1991 Ed Belfour Chicago Blackhawks
15%
1986 Gary Suter Calgary Flames
15%
2000 Scott Gomez New Jersey Devils
15%
1984 Tom Barrasso Buffalo Sabres
15%
2010 Tyler Myers Buffalo Sabres
15%
2001 Evgeni Nabokov San Jose Sharks
12%
1998 Sergei Samsonov Boston Bruins
12%
1999 Chris Drury Colorado Avalanche
9%
1958 Frank Mahovlich Toronto Maple Leafs
9%
1949 Pentti Lund New York Rangers
9%
1951 Terry Sawchuk Detroit Red Wings
9%
1977 Willi Plett Atlanta Flames
9%
1940 Kilby MacDonald New York Rangers
6%
1937 Syl Apps Toronto Maple Leafs
6%
1960 Bill Hay Chicago Black Hawks
3%
1966 Brit Selby Toronto Maple Leafs
3%
1938 Cully Dahlstrom Chicago Black Hawks
3%
1968 Derek Sanderson Boston Bruins
3%
1955 Ed Litzenberger Chicago Black Hawks
3%
1943 Gaye Stewart Toronto Maple Leafs
3%
1959 Ralph Backstrom Montreal Canadiens
3%
1965 Roger Crozier Detroit Red Wings
3%
1973 Steve Vickers New York Rangers
3%
1962 Bobby Rousseau Montreal Canadiens
0%
1954 Camille Harry New York Rangers
0%
1933 Carl Voss Detroit Red Wings
0%
1969 Danny Grant Minnesota North Stars
0%
1946 Edgar Laprade New York Rangers
0%
1975 Eric Vail Atlanta Flames
0%
1939 Frank Brimsek Boston Bruins
0%
1945 Frank McCool Toronto Maple Leafs
0%
1942 Grant Warwick New York Rangers
0%
1953 Gump Worsley New York Rangers
0%
1944 Gus Bodnar Toronto Maple Leafs
0%
1947 Howie Meeker Toronto Maple Leafs
0%
1950 Jack Gelineau Boston Bruins
0%
1964 Jacques Laperriere Montreal Canadiens
0%
1948 Jim McFadden Detroit Red Wings
0%
1941 Johnny Quilty Montreal Canadiens
0%
1963 Kent Douglas Toronto Maple Leafs
0%
1957 Larry Regan Boston Bruins
0%
2023 Matty Beiners Seattle Kraken
0%
1936 Mike Karakas Chicago Black Hawks
0%
1934 Russ Blinco Montreal Maroons
0%
1935 Sweeney Schriner New York Americans
0%
No matching quizzes found
Score Distribution
Percent of People with Each Score
Percentile by Number Answered
Your Score History
You have not taken this quiz since the last reset